[Event "MSU Cup"]
[Site "Moscow"]
[Date "2024.04.24"]
[Round "8.12"]
[White "Bektemir Uulu, Kairat"]
[Black "Avzalzoda, Ahmad"]
[Result "0-1"]
[WhiteElo "1773"]
[BlackElo "2045"]
[PlyCount "86"]
[EventDate "2024.04.22"]
[EventType "team-tourn"]
[EventRounds "9"]
[EventCountry "RUS"]
[SourceTitle "CB18_2024"]
[SourceDate "2024.05.01"]
[SourceVersion "1"]
[SourceVersionDate "2024.05.01"]
[SourceQuality "2"]
[WhiteTeam "Kyrgyzstan"]
[BlackTeam "Tadzhikistan"]
[WhiteTeamCountry "KGZ"]
[BlackTeamCountry "TJK"]

1. d4 Nf6 2. Nf3 d5 3. Bf4 g6 4. e3 Bg7 5. Be2 c5 6. c3 Qb6 7. Qb3 c4 8. Qxb6 axb6 9. Nbd2 Bf5 10. 0-0 Nc6 11. Nh4 Be6 12. h3 0-0 13. Rfe1 Ra5 14. Bc7 Rfa8 15. a3 Ne8 16. Bxb6 Rb5 17. Bc5 Rxb2 18. Nb1 b6 19. Bb4 Nxb4 20. cxb4 Rxb4 21. Rc1 Bd7 22. Nc3 Rb2 23. Nxd5 Rxe2 24. Nxb6 Rd8 25. Nxc4 Bb5 26. a4 Ba6 27. Kf1 Rb2 28. Kg1 Rb4 29. Na5 Bb7 30. Nc6 Bxc6 31. Rxc6 e5 32. Nf3 exd4 33. exd4 Bxd4 34. Nxd4 Rbxd4 35. Kh2 R4d6 36. Rc5 Ra6 37. a5 Nd6 38. Rd1 Rda8 39. Rc7 Nb5 40. Rc5 Nd6 41. Rc7 Ne8 42. Re7 Rxa5 43. Rdd7 Rf5 0-1